O Coriolanovi a Rozsudku s národným umelcom Jánom Cikkerom

Bibliographic Details
Main Authors: Cikker, Ján, 1911-1989 (Author), Rapoš, Gabriel, 1917-1994 (Author)
Format: Article
Language:Slovak
PhysicalDescription:Obr. 1.
Subjects:

MARC

LEADER 00000nab a2200000 a 4500
001 vtls000010052
003 SK-MaSNL
005 20260304015128.0
008 111103c1978 xo 0 slo
015 |a SNBRB19rr/mm-uuuuu 
035 |a CL0020146 
040 |a SNKBUCL  |b slo  |c SNKBUCL  |e AACR2 
041 0 |a slo 
044 |a xo  |c SK 
080 |a 782  |2 1981 
080 |a 92 Cikker, Ján  |2 1981 
100 1 |a Cikker, Ján,  |d 1911-1989  |4 aut  |9 119811 
245 1 0 |a O Coriolanovi a Rozsudku s národným umelcom Jánom Cikkerom  |c Ján Cikker, Gabriel Rapoš 
300 |b Obr. 1. 
600 1 7 |a Cikker, Ján,  |d 1911-1989  |2 snkbucl  |9 119811 
655 7 |a články z novín a časopisov  |2 snkbucl  |9 267496 
700 1 |a Rapoš, Gabriel,  |d 1917-1994  |4 aut  |9 110728 
773 0 |t Večerník  |g Roč. 23, č. 202 (13. 10. 1978), s. 6-7 
850 |a Slovenská národná knižnica v Martine  |a MTA001 
852 |a SNK  |b KIS3GCP 
958 |a RK 
992 |a RBX 
999 |c 2589839  |d 2591769